Guess the junk food based on the picture. - Statistics

General Stats
  • This quiz has been taken 283 times
    270 since last reset
  • The average score is 13 of 15
Answer Stats
Picture Answer % Correct
Hotdog
99%
Cookie
95%
Pizza
95%
Donut
94%
Fries
94%
Ice Cream
94%
Chips
93%
Pancake
93%
Taco
92%
Waffle
90%
Hamburger
89%
Spaghetti
84%
Churro
83%
Burrito
74%
Chicken Nugget
69%
No matching quizzes found
Score Distribution
Percent of People with Each Score
Percentile by Number Answered
Your Score History
You have not taken this quiz since the last reset